| 000 | 00781cam a2200181 4500 | ||
|---|---|---|---|
| 001 | WB3736-03 | ||
| 008 | 010927n2001 000 0 eng u | ||
| 035 | _a(Sirsi) u114876 | ||
| 245 | _aRingfence for civils work | ||
| 260 | _c2001 | ||
| 490 |
_aContract Journal _v410(6346) 26 September 2001, 1(1) |
||
| 520 | _aThe trend towards partnering and framework agreements means that smaller contractors are missing out on core work. The Civil Engineering Contractors Association hopes to convince local authorities and government of the need to ringfence a certain amount of civils work for competitive tendering to small local contractors. | ||
| 590 | _aWB | ||
| 650 | _aCIVIL ENGINEERING SECTOR | ||
| 650 | _aBUILDING CONTRACTORS | ||
| 690 |
_aProcurement _96260 |
||
| 942 | _n0 | ||
| 999 |
_c68406 _d68406 |
||